Jagdish Chandra Bose / (Record no. 13096)

MARC details
000 -LEADER
fixed length control field 01684nam a22002897a 4500
005 - DATE AND TIME OF LATEST TRANSACTION
control field 20080529114618.0
008 - FIXED-LENGTH DATA ELEMENTS--GENERAL INFORMATION
fixed length control field 080529t xxu||||| |||| 00| 0beng d
010 ## - LIBRARY OF CONGRESS CONTROL NUMBER
LC control number B-261864-869
020 ## - INTERNATIONAL STANDARD BOOK NUMBER
International Standard Book Number 8181050169
Terms of availability 150.00
035 ## - SYSTEM CONTROL NUMBER
System control number B-261864-869
037 ## - SOURCE OF ACQUISITION
Stock number 400 dt. 28.4.08
Source of stock number/acquisition Gaurav Prakash/28.4.08/10/8.4.08/19.5.08/150.00/
040 ## - CATALOGING SOURCE
Original cataloging agency DPL
Language of cataloging EN
082 ## - DEWEY DECIMAL CLASSIFICATION NUMBER
Classification number 921
100 ## - MAIN ENTRY--PERSONAL NAME
Personal name Prashar, Sandeep
245 ## - TITLE STATEMENT
Title Jagdish Chandra Bose /
Statement of responsibility, etc by Sandeep Prashar: illustrated by Shankar Nayak
260 ## - PUBLICATION, DISTRIBUTION, ETC. (IMPRINT)
Place of publication, distribution, etc Delhi
Name of publisher, distributor, etc Gaurav Prakashan
Date of publication, distribution, etc 2007
300 ## - PHYSICAL DESCRIPTION
Extent 111p. :
Other physical details ill.
Dimensions 23 cm (Hb)
700 ## - ADDED ENTRY--PERSONAL NAME
Personal name Nayak, Shankar
942 ## - ADDED ENTRY ELEMENTS (KOHA)
Source of classification or shelving scheme Dewey Decimal Classification
Koha item type Children Books
Classification part 921
Call number suffix BOS
Holdings
Withdrawn status Lost status Damaged status Not for loan Collection code Home library Current library Date acquired Cost, normal purchase price Total Checkouts Full call number Barcode Date last seen Cost, replacement price Price effective from Koha item type Copy number Source of acquisition Date checked out
        Non-fiction Central Library Central Library 29/05/2008 150.00   921 / BOS B-261864 15/09/2008 150.00 15/09/2008 Children Books      
        Non-fiction Karol Bagh Karol Bagh 26/06/2008 150.00   921 / BOS B-261867 15/09/2008 150.00 15/09/2008 Children Books 1    
        Non-fiction Patel Nagar Patel Nagar 26/06/2008 150.00   921 / BOS B-261865 15/09/2008 150.00 15/09/2008 Children Books      
        Non-fiction Sarojini Nagar Sarojini Nagar 26/06/2008 150.00   921 / BOS B-261866 15/09/2008 150.00 15/09/2008 Children Books 1    
        Non-fiction Shahdara Branch Shahdara Branch 26/06/2008 150.00   921 / BOS B-261868 15/09/2008 150.00 15/09/2008 Children Books 1    
        Non-fiction Vinoba Puri Vinoba Puri 25/08/2008 150.00 1 921 BOS B-283172 27/05/2013 150.00 15/09/2008 Children Books 1 Gaurav Prakashan/407/23.7.08/205/21.7.08/28.7.08 13/05/2013

© Delhi Public Library
Hit Counter
free hit counter